Birds.

Language:English
Published: [Malaysia]: Mind To Mind (M) Sdn. Bhd., [2017]
Subjects:
LEADER 00611cam a2200205 7i4500
001 0000122495
005 20191207090000.0
008 191207s2017 myk0 ### #d# iaeng##
020 # # |a 9555430900648  
040 # # |a UMT   |b eng   |c UMT   |e rda 
090 0 0 |a QL 676   |b .B5 
245 0 0 |a Birds. 
264 # 1 |a [Malaysia]:   |b Mind To Mind (M) Sdn. Bhd.,   |c [2017] 
300 # # |a 1 poster:   |b colour;   |c  50 x 75 cm 
336 # # |a still image --   |2 rdacontent 
337 # # |a unmediated --   |2 rdamedia 
338 # # |a sheet --   |2 rdacarrier 
590 # # |a PPDSNZ 
650 0 0 |a Birds  
999 |a 1100092331  |b Poster  |c Koleksi English Hub  |e KOLEKSI TERBUKA